| 000 | 00361nam a2200145 i 4500 | ||
|---|---|---|---|
| 001 | bg | ||
| 100 | 1 |
_aGundlach, Władysław Rudolf _d(1921-2007). |
|
| 245 | 0 |
_aMaszyny przepływowe. _nCz.1 / _cW. Gundlach. |
|
| 260 |
_aWarszawa : _bPWN, _c1970. |
||
| 040 | _cBPK | ||
| 041 | _apol | ||
| 080 | _a621 | ||
| 942 | _cKS | ||
| 008 | s pl f |000 0 pol | ||
| 999 |
_c10407 _d10407 |
||
| 856 |
_uhttp://koha.tu.koszalin.pl/cgi-bin/koha/opac-detail.pl?biblionumber=10407 _yKatalog online BPK |
||